Law of torts: Consumer protection Law and compensation under other statutory laws (Record no. 28878)

MARC details
000 -LEADER
fixed length control field 00536nam a2200181Ia 4500
008 - FIXED-LENGTH DATA ELEMENTS--GENERAL INFORMATION
fixed length control field 230917s9999||||xx |||||||||||||| ||und||
020 ## - ISBN
Price RS480
040 ## - CATALOGING SOURCE
-- 251166
Original cataloging agency VIVEKANANDA LIBRARY
041 ## - Language
-- English
082 ## - DDC NUMBER
Classification number 346.03 P212L(3)
100 ## - MAIN ENTRY--PERSONAL NAME
Personal name Paranjape, N V
245 #0 - TITLE STATEMENT
Title Law of torts: Consumer protection Law and compensation under other statutory laws
250 ## - EDITION STATEMENT
Edition statement 3rd ed.
260 ## - PUBLICATION, DISTRIBUTION, ETC. (IMPRINT)
Place of publication, distribution, etc Allahabad
Name of publisher, distributor, etc Central Law Agency
Date of publication, distribution, etc 2016
300 ## - PHYSICAL DESCRIPTION
Pages lxviii, 671 p.
500 ## - GENERAL NOTE
General note 3319 05/11/2018 HBD18/7564 05/12/2018 Main Budget
942 ## - ADDED ENTRY ELEMENTS (KOHA)
Koha item type Books
Holdings
Withdrawn status Lost status Damaged status Not for loan Location (home branch) Sublocation or collection (holding branch) Date acquired Koha issues (times borrowed) Koha full call number Accession No. Koha date last seen Koha item type
        VIVEKANANDA LIBRARY VIVEKANANDA LIBRARY 21/12/2018   346.03 P212L(3) 375756 17/09/2023 Books
        VIVEKANANDA LIBRARY VIVEKANANDA LIBRARY 21/12/2018   346.03 P212L(3) 375757 17/09/2023 Books
        VIVEKANANDA LIBRARY VIVEKANANDA LIBRARY 21/12/2018   346.03 P212L(3) 375758 17/09/2023 Books
        VIVEKANANDA LIBRARY VIVEKANANDA LIBRARY 21/12/2018   346.03 P212L(3) 375759 17/09/2023 Books
        VIVEKANANDA LIBRARY VIVEKANANDA LIBRARY 21/12/2018   346.03 P212L(3) 375760 17/09/2023 Books
© Designed and Maintained by Vivekananda Library, MDU Rohtak